| 000 | 00843nam a2200277 i 4500 | ||
|---|---|---|---|
| 001 | bg | ||
| 100 | 1 |
_aBRZEZIŃSKA, Anna _d(1949- ) |
|
| 245 | 1 | 0 |
_aSpołeczna psychologia rozwoju / _cAnna Brzezińska. |
| 250 | _aWyd. 2. | ||
| 260 |
_aWarszawa : _b"Scholar", _ccop. 2004. |
||
| 300 |
_a296 s. : _btab., wykr. ; _c25 cm. |
||
| 490 | 1 |
_aWykłady z Psychologii ; _vt. 3 |
|
| 504 | _aBibliogr. s. 280-296. | ||
| 650 | 9 | _aPsychologia rozwojowa | |
| 650 | 9 | _aPsychologia społeczna | |
| 655 | _aPodręczniki | ||
| 830 | _aWykłady z Psychologii ; | ||
| 020 | _a8373830693 | ||
| 040 | _cBPK | ||
| 041 | 0 | _apol | |
| 080 | _a159.922:316.6](07) | ||
| 920 | _a83-7383-069-3 | ||
| 942 | _cKS | ||
| 008 | s pl f |000 0 pol | ||
| 999 |
_c44356 _d44356 |
||
| 856 |
_uhttp://koha.tu.koszalin.pl/cgi-bin/koha/opac-detail.pl?biblionumber=44356 _yKatalog online BPK |
||